00625nam a2200193 4500020001800000082002400018100001200042245003200054260006400086300001000150650003700160650002600197650002500223650001500248700002700263942000700290999001900297952011500316 a9789395733762 aM103 2(ITr.)bBHA/K aBharavi aKiratarjuniyam/cby Bharavi aKottayam:bSahitya Pravarthaka Co-operative Society,c2023. a375p. aTranslation Sanskrit Epic Poetry aEpic Poetry Malayalam aLiterature Malayalam aLiterature aKesavan Veluthat (tr.) cBK c181969d181969 00104070aSSUSbSSUScSTACKSd2026-06-03g599.00l0oM103 2 (ITr.) BHA/Kp109117r2026-06-03w2026-06-03yBK